King Henry IV, part 2 : notes ... / (Record no. 10519)
[ view plain ]
| 000 -LEADER | |
|---|---|
| fixed length control field | 00740nam a22002777a 4500 |
| 001 - CONTROL NUMBER | |
| JCCL Control Number | 10519 |
| 003 - CONTROL NUMBER IDENTIFIER | |
| JCCL marc code | BD-JhCC |
| 005 - DATE AND TIME OF LATEST TRANSACTION | |
| control field | 20180430191013.0 |
| 008 - FIXED-LENGTH DATA ELEMENTS--GENERAL INFORMATION | |
| fixed length control field | 180430b1963 as ||||| |||| 00| 0 eng d |
| 020 ## - INTERNATIONAL STANDARD BOOK NUMBER | |
| International Standard Book Number | 822000261 |
| 035 ## - SYSTEM CONTROL NUMBER | |
| system control number | (BD-JhCC)10519 |
| 040 ## - CATALOGING SOURCE | |
| Original cataloging agency | BD-JhCC |
| Modifying agency | BD-JhCC |
| 041 ## - LANGUAGE CODE | |
| Language code of Book | eng |
| 082 ## - DEWEY DECIMAL CLASSIFICATION NUMBER | |
| Classification number | 822.3 |
| Author mark and Year | JEM 1963 |
| 100 ## - MAIN ENTRY--PERSONAL NAME | |
| Personal name | James K. Lowers |
| 245 ## - TITLE STATEMENT | |
| Title | King Henry IV, part 2 : notes ... / |
| Statement of responsibility, etc | Lowers, James K. |
| 260 ## - PUBLICATION, DISTRIBUTION, ETC. (IMPRINT) | |
| Place of publication, distribution, etc | Lincoln : |
| Name of publisher, distributor, etc | Neb. : Cliff's Notes, |
| Date of publication, distribution, etc | 1963. |
| 300 ## - PHYSICAL DESCRIPTION | |
| Pagination | 68 p. : |
| Dimensions | 22 cm. |
| 650 ## - SUBJECT ADDED ENTRY--TOPICAL TERM | |
| Topical term or geographic name as entry element | King Henry IV (Shakespeare, William) |
| 650 ## - SUBJECT ADDED ENTRY--TOPICAL TERM | |
| Topical term or geographic name as entry element | Henry IV, King of England, 1367-1413 |
| 650 ## - SUBJECT ADDED ENTRY--TOPICAL TERM | |
| Topical term or geographic name as entry element | Examinations |
| 650 ## - SUBJECT ADDED ENTRY--TOPICAL TERM | |
| Topical term or geographic name as entry element | Literature |
| 650 ## - SUBJECT ADDED ENTRY--TOPICAL TERM | |
| Topical term or geographic name as entry element | Drama |
| 942 ## - ADDED ENTRY ELEMENTS (KOHA) | |
| Source of classification or shelving scheme | Dewey Decimal Classification |
| Koha item type | Books |
| Source of classification or shelving scheme | Damaged status | Not for loan | Home library | Current library | Shelving location | Date of accession | Total Checkouts | Full call number | Barcode | Date last seen | Copy number | Koha item type |
|---|---|---|---|---|---|---|---|---|---|---|---|---|
| Dewey Decimal Classification | JCC Rouf Library | JCC Rouf Library | General Stacks | 04/30/2018 | 822.3 JEM 1963 | 14034 | 04/30/2018 | C-1 | Books | |||
| Dewey Decimal Classification | JCC Rouf Library | JCC Rouf Library | General Stacks | 04/30/2018 | 822.3 JEM 1963 | 14033 | 04/30/2018 | C-1 | Books | |||
| Dewey Decimal Classification | JCC Rouf Library | JCC Rouf Library | General Stacks | 04/30/2018 | 822.3 JEM 1963 | 14032 | 04/30/2018 | C-3 | Books | |||
| Dewey Decimal Classification | JCC Rouf Library | JCC Rouf Library | General Stacks | 04/30/2018 | 822.3 JEM 1963 | 14031 | 04/30/2018 | C-4 | Books | |||
| Dewey Decimal Classification | JCC Rouf Library | JCC Rouf Library | General Stacks | 04/30/2018 | 822.3 JEM 1963 | 14035 | 04/30/2018 | C-5 | Books |